Pays du Tropique du Capricorne - Statistiques

Statistiques générales
  • Ce quiz a été pris 27 fois
  • Le résultat moyen est 8 sur 10
Statistiques - réponses
Pays % Correct
Brésil
96%
Argentine
92%
Chili
92%
Afrique du Sud
85%
Australie
81%
Paraguay
81%
Madagascar
77%
Mozambique
73%
Namibie
69%
Botswana
54%
Aucun quiz correspondant
Distribution des résultats
% des personnes avec chaque résultat
Percentile par nombre de réponses
Votre historique - résultats
Vous n’avez pas pris ce quiz